000 00415nam a22001577a 4500
003 SGT
020 _a9789350141823
082 _a005.73
_bGUP
100 _aGUPTA,DEEPAK
245 _aDATA STRUCTURES USING C
260 _aNEW DELHI
_bS.K KATARIA & SONS
_c2011
300 _a473
650 _aCOMPUTER SCIENCE ENGINEERING
653 _aBASICS OF C PROGRAMMING,POINTERS AND LINKED,TREES AND GRAPHS
942 _2ddc
_cBK
999 _c8212
_d8212